| 000 | 00855nam a2200313Ia 4500 | ||
|---|---|---|---|
| 008 | 181129s9999 xx 000 0 und d | ||
| 020 | _a9780451531001 | ||
| 050 | _bM149 2008 | ||
| 100 | _aMachiavelli, Niccolo | ||
| 245 | 4 | _aThe prince / | |
| 245 | 0 | _cby Niccolo Machiavelli ; introduction by Christian Gauss and new afterword by Regina Barreca. | |
| 260 | _aNew York, NY : | ||
| 260 | _bScholastic, | ||
| 260 | _c2008 | ||
| 300 | _a126 pages : | ||
| 300 | _billustrations ; | ||
| 300 | _c17cm. | ||
| 440 | _aSignet classics. | ||
| 500 | _a1430L | ||
| 650 | _aGreat books of the Western World. | ||
| 650 | _aMilitary art and science. | ||
| 650 | _aPilotical ethics. | ||
| 650 | _aPolitical science. | ||
| 650 | _aWar. | ||
| 700 | _aBarreca, Regina. | ||
| 700 | _aGauss, Christian. | ||
| 700 | _aSeries. | ||
| 700 | _aTitle. | ||
| 999 |
_c360120 _d360120 |
||